| 000 | 00762nam a22002177a 4500 | ||
|---|---|---|---|
| 003 | OSt | ||
| 005 | 20260316080604.0 | ||
| 008 | 260316b |||||||| |||| 00| 0 eng d | ||
| 020 | _a981-05-6265-9 | ||
| 040 |
_aDWCL GS lib _cOC |
||
| 082 | _aR658g 2006 | ||
| 100 | _aROBINSON, BEN | ||
| 245 |
_aGhost squad _cBEN ROBINSON |
||
| 260 |
_a[s.l.] _b Eastwood Publishing _c2006 |
||
| 300 |
_a74 p _c19 cm |
||
| 520 | _atwo best friends, Lucely and Syd, who accidentally unleash evil spirits in St. Augustine, Florida. | ||
| 650 | _adesigned to handle anti-terrorist operations with extreme precision and secrecy. | ||
| 650 | _athe importance of family, honoring heritage, and finding courage to face challenges. | ||
| 700 | _aBEN ROBINSON | ||
| 942 |
_2ddc _cFIC. _n0 |
||
| 999 |
_c9159 _d9159 |
||